Statistiques concernant Tombouctou - Culture générale

Cliquez ici pour prendre le quiz!

Statistiques générales

  • Ce quiz a été pris 94 fois
  • Le résultat moyen est 9 sur 15

Statistiques - réponses

InformationRéponse% Correct
Pays moderne où se trouve TombouctouMali
96%
Désert qui s'étend toujours plus proche de la villeSahara
94%
Capitale de ce pays pourtant à 1000km de TombouctouBamako
90%
Organisation mondiale qui a classé Tombouctou sur plusieurs de ses listesUNESCO
88%
Fleuve qui traverse la villeNiger
72%
Peuple nomade du désert, une des principale ethnie à TombouctouTouaregs
72%
Matériau dans lequel la plupart des bâtiments sont construitsTerre Crue
65%
Surnom de la villeLa {perle} du désert
57%
Type de bâtiment qu'est "Djingareyber" ou "Sidi Yahia"Mosquée
57%
Année d'insurrections djihadistes et de destructions de nombreux monuments2012
52%
Homme le plus riche de l'Histoire qui commanda de prestigieux travaux iciMansa {Moussa}
41%
Puissance africaine qui occupa la ville de 1590 à 1760 mettant fin à l'apogée de la villeMaroc
38%
Produit minéral cristallin alors aussi cher que l'or qui permit d'enrichir la villeSel
29%
Texte écrits sur du papier qui se trouvaient en grand nombre dans cette universitéManuscrits
13%
Célèbre université qui accueillait près de 20'000 étudiantsSankoré
12%

Distribution des résultats

Percentile par nombre de réponses

% des personnes avec chaque résultat

Votre développement - résultats

Vous n’avez pas pris ce quiz